书目信息 |
| 题名: |
桩基手册
|
|
| 作者: | 张雁 , 刘金波 主编 | |
| 分册: | ||
| 出版信息: | 北京 中国建筑工业出版社 2009.11 |
|
| 页数: | 985页 | |
| 开本: | 26cm | |
| 丛书名: | ||
| 单 册: | ||
| 中图分类: | TU473.1-62 | |
| 科图分类: | ||
| 主题词: | 桩基础--zhuang ji chu--技术手册 | |
| 电子资源: | ||
| ISBN: | 978-7-112-11505-1 | |
| 000 | 00795nam0 2200229 450 | |
| 001 | 012001000502 | |
| 005 | 20100508110401.17 | |
| 010 | @a978-7-112-11505-1@b精装@dCNY138.00 | |
| 100 | @a20100515d2009 km y0chiy0121 eb | |
| 101 | 0 | @achi |
| 102 | @aCN@b110000 | |
| 105 | @aa z 000yy | |
| 200 | 1 | @a桩基手册@Azhuang ji shou ce@f张雁, 刘金波主编 |
| 210 | @a北京@c中国建筑工业出版社@d2009.11 | |
| 215 | @a985页@c图@d26cm | |
| 330 | @a本书主要内容包括:概论;桩基工程理论;桩基工程勘察与设计;特殊桩基设计;桩基施工;桩基检测;港口工程桩基技术规定;铁路工程钢筋混凝土桩板结构技术规定。 | |
| 606 | 0 | @a桩基础@Azhuang ji chu@j技术手册 |
| 690 | @aTU473.1-62@v4 | |
| 701 | 0 | @a张雁@Azhang yan@4主编 |
| 701 | 0 | @a刘金波@Aliu jin bo@4主编 |
| 801 | 0 | @aCN@c20100515 |
| 905 | @dTU473.1-62@eZ225@f3 | |
| 桩基手册/张雁, 刘金波主编.-北京:中国建筑工业出版社,2009.11 |
| 985页:图;26cm |
| ISBN 978-7-112-11505-1(精装):CNY138.00 |
| 本书主要内容包括:概论;桩基工程理论;桩基工程勘察与设计;特殊桩基设计;桩基施工;桩基检测;港口工程桩基技术规定;铁路工程钢筋混凝土桩板结构技术规定。 |
| ● |
| 相关链接 |
|
|
|
正题名:桩基手册
索取号:TU473.1-62/Z225
 
预约/预借
| 序号 | 登录号 | 条形码 | 馆藏地/架位号 | 状态 | 备注 |
| 1 | 981717 | 209817171 | 建筑库101/101建筑库 98排3列4层/ [索取号:TU473.1-62/Z225] | 在馆 | |
| 2 | 981718 | 209817180 | 建筑库101/101建筑库 98排3列5层/ [索取号:TU473.1-62/Z225] | 在馆 | |
| 3 | 981719 | 209817199 | 建筑库101/101建筑库 98排3列4层/ [索取号:TU473.1-62/Z225] | 在馆 |